<?xml version="1.0" encoding="UTF-8"?>
<record
    xmlns:xsi="http://www.w3.org/2001/XMLSchema-instance"
    xsi:schemaLocation="http://www.loc.gov/MARC21/slim http://www.loc.gov/standards/marcxml/schema/MARC21slim.xsd"
    xmlns="http://www.loc.gov/MARC21/slim">

  <leader>01096nam a2200265 i 4500</leader>
  <controlfield tag="001">114845</controlfield>
  <controlfield tag="003">ES-MaACL</controlfield>
  <controlfield tag="005">20230906190250.0</controlfield>
  <controlfield tag="007">t|</controlfield>
  <controlfield tag="008">070403s1961    sp           ||||1| spa d</controlfield>
  <datafield tag="080" ind1=" " ind2=" ">
    <subfield code="a">551.46</subfield>
  </datafield>
  <datafield tag="080" ind1=" " ind2=" ">
    <subfield code="a">629.12</subfield>
  </datafield>
  <datafield tag="100" ind1="1" ind2=" ">
    <subfield code="a">Romanovsky, Vsevolod.</subfield>
    <subfield code="9">99267</subfield>
  </datafield>
  <datafield tag="245" ind1="1" ind2="3">
    <subfield code="a">El mar / </subfield>
    <subfield code="c">obra publicada bajo la direcci&#xF3;n de V. Romanovsky, C. Francis-Boeuf, Jacques Bourcart con la colaboraci&#xF3;n de P. Boh&#xE9;, J.-Y. Cousteau, J. Feuga ; versi&#xF3;n por Joaqu&#xED;n G&#xF3;mez de LLarena y Jos&#xE9; Mar&#xED;a Navaz ; con la colaboraci&#xF3;n de Jos&#xE9; Mar&#xED;a Mart&#xED;nez-Hidalgo y de Ter&#xE1;n.</subfield>
  </datafield>
  <datafield tag="260" ind1=" " ind2=" ">
    <subfield code="a">Barcelona : </subfield>
    <subfield code="b">Labor, </subfield>
    <subfield code="c">1961.</subfield>
  </datafield>
  <datafield tag="300" ind1=" " ind2=" ">
    <subfield code="a">XXIII, 693 p. : </subfield>
    <subfield code="b">il. ; </subfield>
    <subfield code="c">27 cm.</subfield>
  </datafield>
  <datafield tag="650" ind1=" " ind2="4">
    <subfield code="a">Navegaci&#xF3;n-</subfield>
    <subfield code="v">Enciclopedias.</subfield>
    <subfield code="9">15498</subfield>
  </datafield>
  <datafield tag="650" ind1=" " ind2="4">
    <subfield code="a">Mares y oc&#xE9;anos-</subfield>
    <subfield code="v">Enciclopedias.</subfield>
    <subfield code="9">14773</subfield>
  </datafield>
  <datafield tag="700" ind1="1" ind2=" ">
    <subfield code="a">Navaz y Sanz, Jos&#xE9; Mar&#xED;a.</subfield>
    <subfield code="9">85221</subfield>
  </datafield>
  <datafield tag="700" ind1="1" ind2=" ">
    <subfield code="a">G&#xF3;mez de Llarena, Joaqu&#xED;n (</subfield>
    <subfield code="d">1891-1979)</subfield>
    <subfield code="9">57911</subfield>
  </datafield>
  <datafield tag="700" ind1="1" ind2=" ">
    <subfield code="a">Francis-Boeuf, Claude.</subfield>
    <subfield code="9">52183</subfield>
  </datafield>
  <datafield tag="700" ind1="1" ind2=" ">
    <subfield code="a">Bourcart, Jacques.</subfield>
    <subfield code="9">30949</subfield>
  </datafield>
  <datafield tag="700" ind1="1" ind2=" ">
    <subfield code="a">Mart&#xED;nez-Hidalgo, Jos&#xE9; Mar&#xED;a.</subfield>
    <subfield code="9">78154</subfield>
  </datafield>
  <datafield tag="852" ind1=" " ind2=" ">
    <subfield code="a">ES-MaACL</subfield>
    <subfield code="j">A-561 </subfield>
    <subfield code="b">R.47766</subfield>
  </datafield>
  <datafield tag="999" ind1=" " ind2=" ">
    <subfield code="c">114845</subfield>
    <subfield code="d">114845</subfield>
  </datafield>
  <datafield tag="952" ind1=" " ind2=" ">
    <subfield code="0">0</subfield>
    <subfield code="1">0</subfield>
    <subfield code="4">0</subfield>
    <subfield code="7">0</subfield>
    <subfield code="a">ATENEOM</subfield>
    <subfield code="b">ATENEOM</subfield>
    <subfield code="c">SPP1</subfield>
    <subfield code="d">2008-01-17</subfield>
    <subfield code="e">SC</subfield>
    <subfield code="l">0</subfield>
    <subfield code="o">A-561</subfield>
    <subfield code="p">1119761</subfield>
    <subfield code="r">2023-02-23 00:00:00</subfield>
    <subfield code="w">2023-02-23</subfield>
    <subfield code="y">MONOGRAFIA</subfield>
  </datafield>
</record>
